000 00543nam a2200229Ia 4500
003 OSt
005 20220918215111.0
006 a|||||r|||| 00| 0
007 ta
008 220917b |||||||| |||| 00| 0 eng d
024 _a140,050
037 _cTextual
040 _aARTS
_cARTS
_beng
041 _2eng
_aeng
082 _aY1:1.58, H3-;1
100 _aHindus M
_9133240
245 0 _aMother Russia
260 _c1943
650 _aSOCIOLOGY
942 _hY1:1.58, H3-;1
_cTEXL
_2CC
999 _c263036
_d263036